| 000 | 00671nam a22002057a 4500 | ||
|---|---|---|---|
| 003 | OSt | ||
| 005 | 20260112035521.0 | ||
| 008 | 260112b |||||||| |||| 00| 0 eng d | ||
| 020 | _a0-393-97219-4. | ||
| 040 |
_aDWCL-Main lib. _cOC |
||
| 082 | _aCirc. 153 G259c 1998 | ||
| 100 | _aGazzaniga, Michael S. | ||
| 245 |
_aCognitive neuroscience : _bthe biology of the mind/ _cMichael S. Gazzaniga |
||
| 260 |
_aN. Y. : _bW. W. Norton & Co., _c c1998. |
||
| 300 |
_axv, (various pagings) : _billustrations ; _c28 centimeter. |
||
| 650 | _a1. Cognitive Neuroscience. | ||
| 700 | _aIvry, Richard B. | ||
| 700 | _dMangun, George R. | ||
| 942 |
_2ddc _cBK-CIRC _hCirc. _n0 |
||
| 999 |
_c7274 _d7274 |
||